00860nam a2200241 i 450000100060000000300090000600500170001500700030003200800410003502000180007608000130009413000270010724501010013426000340023530000390026949000260030870000500033470000390038483000340042385200220045799900170047995201220049653995ES-MaACL20240418135237.0t|031120s2002 sp f |||| | spa d a84-9740-024-0 a087.5:820 aPoema del Cid.912390413aEl Cid Campeador / cedición a cargo de Francisco López Estrada y Jorge Roselló Verdeguer. aMadrid : bCastalia, c[2002] a149 p., [3] p. de lám ; c19 cm.1 aCastalia prima ; v200 aLópez Estrada, Francisco,d1918-20109736271 aRoselló Verdeguer, Jorge.9997000 aCastalia prima ; v209182481 aES-MaACLjL-26680 c53995d53995 00104070aATENEOMbATENEOMcDEPO2d2008-01-17eSCl0oL-26680p1056747r2023-02-23 00:00:00w2023-02-23yMONOGRAFIA